000 01555nam a2200253 a 4500
001 80613
003 BD-RjUL
005 20230116120624.0
008 221025s2009 bg ||||| m||| 00| 0 ben d
035 _a(BD-RjUL)80613
040 _aBD-RjUL
_bben / eng
_cBD-RjUL
_dBD-RjUL
041 _aben
082 _a781.62095492
_bBEG 2009
_223
100 _aবেগম, মোছাম্মৎ ফাতেমা জোহরা
_9943
245 0 1 _aগাইবান্ধা জেলার লোকসংগীত :
_bজীবন, সমাজ ও সংস্কৃতি /
_cমোছাম্মৎ ফাতেমা জোহরা বেগম ;
_6তত্ত্বাবধায়ক :শাহরিয়ার হোসেন
260 _aরাজশাহী :
_bনাট্যকলা ও সংগীত বিভাগ, রাজশাহী বিশ্ববিদ্যালয়,
_c২০০৯
300 _a[7], ২৮৪ পাতা ;
_c২৯ সেমি.
502 _aথিসিস (এম. ফিল.) -- নাট্যকলা ও সংগীত বিভাগ, রাজশাহী বিশ্ববিদ্যালয়, ২০০৯
504 _aগ্রন্থপঞ্জি : পাতা [২২৫]-২৩০
650 _aলোকসংগীত
_zগাইবান্ধা ; বাংলাদেশ
_95460
650 _aFolk music
_zGaibandha ; Bangladesh
_95461
700 _aহোসেন, শাহরিয়ার, তত্ত্বাবধায়ক
_95462
942 _2ddc
_cTHE
999 _c80613
_d80613